Status of Women working In The Tea Plantations (Record no. 4709)

MARC details
000 -LEADER
fixed length control field 00552cam a2200193ua 4500
008 - FIXED-LENGTH DATA ELEMENTS--GENERAL INFORMATION
fixed length control field 131004n ii |||gr||||Z||||||eng
020 ## - INTERNATIONAL STANDARD BOOK NUMBER
International Standard Book Number 81-87606-41-X
040 ## - CATALOGING SOURCE
Transcribing agency MAIN
082 ## - DEWEY DECIMAL CLASSIFICATION NUMBER
Classification number 305.4
245 11 - TITLE STATEMENT
Title Status of Women working In The Tea Plantations
Statement of responsibility, etc. by Elizabeth Kaniampady FMA
250 ## - EDITION STATEMENT
Edition statement 1st ed.
260 ## - PUBLICATION, DISTRIBUTION, ETC.
Place of publication, distribution, etc. New Delhi:
Name of publisher, distributor, etc. Akansha Publishing House,
Date of publication, distribution, etc. 2003.
300 ## - PHYSICAL DESCRIPTION
Extent xi,270p.
700 1# - ADDED ENTRY--PERSONAL NAME
Personal name Kaniampady Elizabeth,
Relator term
942 ## - ADDED ENTRY ELEMENTS (KOHA)
Koha item type Books
653 ## - INDEX TERM--UNCONTROLLED
Uncontrolled term Sociology
653 ## - INDEX TERM--UNCONTROLLED
Uncontrolled term Status of Women Working In The Tea Plantations
Holdings
Withdrawn status Lost status Damaged status Not for loan Home library Current library Shelving location Date acquired Total Checkouts Full call number Barcode Date last seen Date last checked out Copy number Price effective from Koha item type
        Central Library, Naharkatiya College Central Library, Naharkatiya College General Stacks 19/09/2020 1 305.4 | KAN 17246 17/11/2023 16/11/2023 1 19/09/2020 Books

Naharkatiya College © 2020. All rights reserved.

Powered By